000
00341 a2200157 4500
001
59116
020
_a
8570565968
040
_c
Anchieta - Pituba
100
_a
Lopes, Carlos Herculano
240
1
0
_a
Sombras de Julho
_l
por
245
1
0
_a
Sombras de Julho
300
_a
112
362
0
_a
1994
650
4
_a
Ficção brasileira
942
_c
BK
999
_c
59116
_d
59116